000 00932nas a2200325 4500
001 BR2017000586
003 BR-BrBNA
005 20231205130835.0
007 ta
008 230509b bl.|||p| |||| 00| 00por d
040 _aBR-BrBNA
_bpor
_cBiblioteca Nacional de Agricultura
041 _a(En)
072 _aF01
100 1 _aMoraes, L.A.S.
100 1 _aCalori, A.H.
100 1 _aFactor, T.L.
100 1 _aPatrício, F.R.A.
100 1 _aGhini, R.
100 1 _aAbreu, M.F.
100 1 _aPurquerio, L.F.V.
245 1 _aBaby leaf lettuce production intrays with reused and solarized substrate
650 _aALFACE
650 _aPRÁTICA CULTURAL
650 _aCOCO
650 _aFIBRA
650 _aPRODUÇÃO VEGETAL
773 0 _tHorticultura Brasileira (Brazil)
_xISSN 0102-0536
_g(Oct-Dec 2016), v. 34(4) p. 463-469
_wBR2017000586
909 _a202311
_bLúcia
_c55
_dLúcia Elande
942 _2AGRIS
_n0
_cANA
999 _c251583
_d251583